| 000 | 00576cam a2200181 i 4500 | ||
|---|---|---|---|
| 005 | 20260205105117.0 | ||
| 008 | 250721s2015 ts gr 000 f ara d | ||
| 020 | _a9789187373237 | ||
| 082 | 1 | 4 |
_aق _bب د ر |
| 100 | 1 |
_aبدر، علي _eمؤلف. |
|
| 245 | 1 | 0 |
_aصخب ونساء وكاتب مغمور / _cعلي بدر. |
| 264 | 3 | 1 |
_aراس الخيمة : _bدار نون للنشر، _c2015. |
| 300 | _a215 صفحة. | ||
| 650 | 1 | 7 | _aالروايات العربية. |
| 650 | 1 | 7 | _aالأدب العربي. |
| 942 |
_2ddc _cBK |
||
| 999 |
_c134058 _d134058 |
||